Normal view
MARC view
- Llucià,
Entry Nom personal
001 - NÚMERO DE CONTROL
- campo de control: 167409
003 - IDENTIFICADOR DEL NÚMERO DE CONTROL
- campo de control: ES-BaIT
005 - FECHA Y HORA DE LA ÚLTIMA TRANSACCIÓN
- campo de control: 20251006131636.0
008 - DATOS DE LONGITUD FIJA
- campo de control de longitud fija: 251006|| aca||aabn | a|a d
040 ## - FUENTE DE LA CATALOGACIÓN
- Centro catalogador/agencia de origen: ES-BaIT
100 0# - ENCABEZAMIENTO-NOMBRE DE PERSONA
- Nombre de persona: Llucià,
- Fechas asociadas al nombre: aproximadament 120-aproximadament 190.
- Título de la obra: Diálogos marinos


